<?xml version="1.0" encoding="UTF-8"?>
<record
    xmlns:xsi="http://www.w3.org/2001/XMLSchema-instance"
    xsi:schemaLocation="http://www.loc.gov/MARC21/slim http://www.loc.gov/standards/marcxml/schema/MARC21slim.xsd"
    xmlns="http://www.loc.gov/MARC21/slim">

  <leader>01913cam a2200277 a 4500</leader>
  <controlfield tag="001">18332024</controlfield>
  <controlfield tag="005">20201128021238.0</controlfield>
  <controlfield tag="008">141010t2015    flua   frb    001 0 eng d</controlfield>
  <datafield tag="020" ind1=" " ind2=" ">
    <subfield code="a">9781482222289 (hardback)</subfield>
  </datafield>
  <datafield tag="040" ind1=" " ind2=" ">
    <subfield code="a">DLC</subfield>
    <subfield code="b">eng</subfield>
    <subfield code="c">DLC</subfield>
    <subfield code="d">DLC</subfield>
    <subfield code="d">EG-ScBUE</subfield>
  </datafield>
  <datafield tag="082" ind1="0" ind2="4">
    <subfield code="a">660</subfield>
    <subfield code="2">22</subfield>
    <subfield code="b">GHA</subfield>
  </datafield>
  <datafield tag="100" ind1="1" ind2=" ">
    <subfield code="a">Ghasem, Nayef.</subfield>
    <subfield code="9">37849</subfield>
  </datafield>
  <datafield tag="245" ind1="1" ind2="0">
    <subfield code="a">Principles of chemical engineering processes :</subfield>
    <subfield code="b">material and energy balances /</subfield>
    <subfield code="c">Nayef Ghasem, Redhouane Henda.</subfield>
  </datafield>
  <datafield tag="250" ind1=" " ind2=" ">
    <subfield code="a">2nd ed.</subfield>
  </datafield>
  <datafield tag="260" ind1=" " ind2=" ">
    <subfield code="a">Boca Raton :</subfield>
    <subfield code="b">CRC Press / Taylor &amp; Francis Group,</subfield>
    <subfield code="c">c.2015.</subfield>
  </datafield>
  <datafield tag="300" ind1=" " ind2=" ">
    <subfield code="a">xxi, 446 p.:</subfield>
    <subfield code="b">ill. ;</subfield>
    <subfield code="c">25 cm.</subfield>
  </datafield>
  <datafield tag="500" ind1=" " ind2=" ">
    <subfield code="a">Index : p. 437-446.</subfield>
  </datafield>
  <datafield tag="504" ind1=" " ind2=" ">
    <subfield code="a">Includes bibliographical references.</subfield>
  </datafield>
  <datafield tag="520" ind1=" " ind2=" ">
    <subfield code="a">"Preface Purpose of the Book The objective of this book is to introduce chemical engineering students to the basic principles and calculation techniques used in the field and to acquaint them with the fundamentals of the application of material and energy balances in chemical engineering. The book is mainly intended for junior chemical engineers. It exposes them to problems in material and energy balances that arise in relation to problems involving chemical reactors. The focus is on single and multiphase systems related to material and energy balances. This material is introduced in a manner that there will be little lecture content. Most of the material presented covers work on problem solving skills. The material intrusion theory is explained briefly and simply to make this book more user-friendly. Many examples are included and solved in a simple and understandable format that explains the related theory. A few examples related to unsteady state material and energy balance are solved using MATLAB</subfield>
  </datafield>
  <datafield tag="650" ind1=" " ind2="7">
    <subfield code="a">chemical engineering.</subfield>
    <subfield code="2">BUEsh</subfield>
    <subfield code="9">1062</subfield>
  </datafield>
  <datafield tag="651" ind1=" " ind2=" ">
    <subfield code="2">BUEsh</subfield>
  </datafield>
  <datafield tag="653" ind1=" " ind2=" ">
    <subfield code="b">ENGCHE</subfield>
    <subfield code="b">ENGGEN</subfield>
    <subfield code="c">May2015</subfield>
  </datafield>
  <datafield tag="655" ind1=" " ind2=" ">
    <subfield code="v">reading book</subfield>
    <subfield code="9">34232</subfield>
  </datafield>
  <datafield tag="700" ind1="1" ind2=" ">
    <subfield code="a">Henda, Redhouane.</subfield>
    <subfield code="9">37850</subfield>
  </datafield>
  <datafield tag="942" ind1=" " ind2=" ">
    <subfield code="2">ddc</subfield>
  </datafield>
  <datafield tag="999" ind1=" " ind2=" ">
    <subfield code="c">19284</subfield>
    <subfield code="d">19256</subfield>
  </datafield>
  <datafield tag="952" ind1=" " ind2=" ">
    <subfield code="0">0</subfield>
    <subfield code="1">0</subfield>
    <subfield code="2">ddc</subfield>
    <subfield code="4">0</subfield>
    <subfield code="7">0</subfield>
    <subfield code="8">Alahram</subfield>
    <subfield code="a">MAIN</subfield>
    <subfield code="b">MAIN</subfield>
    <subfield code="c">1ST</subfield>
    <subfield code="d">2015-05-05</subfield>
    <subfield code="e">purchase</subfield>
    <subfield code="g">888.00</subfield>
    <subfield code="h">321</subfield>
    <subfield code="l">4</subfield>
    <subfield code="m">32</subfield>
    <subfield code="o">660 GHA</subfield>
    <subfield code="p">000038149</subfield>
    <subfield code="r">2025-07-15 00:00:00</subfield>
    <subfield code="s">2020-12-21</subfield>
    <subfield code="v">1110.00</subfield>
    <subfield code="y">BB</subfield>
  </datafield>
</record>
